| 000 | 00382 a2200157 4500 | ||
|---|---|---|---|
| 001 | 59891 | ||
| 020 | _a9783570303092 | ||
| 040 | _cAnchieta - Pituba | ||
| 100 | _aSchröder, Raíner M. | ||
| 240 | 1 | 0 |
_aDie lange reise des Jakob Stern _lpor |
| 245 | 1 | 0 | _aDie lange reise des Jakob Stern |
| 300 | _a348 | ||
| 362 | 0 | _a2006 | |
| 650 | 4 | _aLiteratura juvenil em alemão | |
| 942 | _cBK | ||
| 999 |
_c59891 _d59891 |
||